[Event "Bilbao Masters 9th"]
[Site "Bilbao"]
[Date "2016.07.23"]
[Round "10"]
[White "Karjakin, Sergey"]
[Black "Wei, Yi"]
[Result "1/2-1/2"]
[WhiteElo "2773"]
[BlackElo "2696"]
[Annotator "Krasenkow,M"]
[PlyCount "52"]
[EventDate "2016.07.13"]
[EventType "tourn"]
[EventRounds "10"]
[EventCountry "ESP"]
[EventCategory "22"]
[SourceTitle "CBM 174"]
[Source "ChessBase"]
[SourceDate "2016.09.13"]
[SourceVersion "1"]
[SourceVersionDate "2016.09.13"]
[SourceQuality "1"]

1. Nf3 d5 2. d4 Nf6 3. Bf4 Bf5 4. e3 e6 5. c4 Bxb1 {Black gives up his bishop
but deprives White of the castling right.The line looks quite bizarre but this
is nothing new: it has already been seen in dozens of games!} 6. Rxb1 {Other
options:} (6. Qxb1) (6. Qa4+) 6... Bb4+ 7. Ke2 dxc4 (7... Bd6 $5 {is played
more often. Typical examples:} 8. g3 (8. Qb3 Bxf4 9. Qxb7 Nbd7 10. exf4 c5 11.
g3 O-O 12. Bg2 Qa5 $44 {1-0 (42) Kolev,A (2601)-Gascon del Nogal,J (2206) San
Cristobal 2012}) (8. c5 Bxf4 9. exf4 O-O 10. g3 b6 11. Ne5 Nfd7 12. Nxd7 Qxd7
13. Kf3 bxc5 14. dxc5 Qc6 15. Qd4 a5 $15 {1/2 (33) Knoeppel,B (2058)-Buteica,A
(2226) ICCF WS 2005}) (8. Qa4+ Nc6 9. c5 Bxf4 10. exf4 O-O 11. g3 Ne4 12. Ne1
e5 $1 13. dxe5 f6 $40 {0-1 (41) Reichmann,H (2309)-Orzech,D (2340) Germany 2005
}) (8. Bg5 Nbd7 9. cxd5 exd5 10. Qb3 Rb8 11. g3 O-O 12. Bh3 Nb6 13. Bf5 h6 14.
Bxf6 Qxf6 15. g4 Rfe8 16. Qc2 Nc4 $36 {0-1 (46) Kovacevic,V (2495)-Klaric,Z 
(2440) Vinkovci 1982}) 8... O-O 9. Qb3 Nc6 10. cxd5 Nxd5 11. Bg2 Be7 (11... Qd7
$142 {[%cal Yf7f6,Yc6e7]}) 12. h4 Na5 13. Qa4 c5 14. dxc5 Bxc5 15. Ne5 Bd6 16.
Rhd1 $14 {1-0 (49) Kamsky,G (2705)-Shulman,Y (2604) Connecticut 2007}) (7...
O-O $143 8. c5 Ne4 9. Qa4 Nc6 10. a3 Ba5 11. Qc2 $16 {[%csl Ra5]}) (7... Be7 8.
Qb3 Qc8 9. g4 O-O 10. Bg2 Nc6 11. cxd5 exd5 12. h3 (12. g5 $5 Nh5 13. Be5)
12... a5 13. Qa4 Re8 14. Rhc1 Nd7 15. Kf1 Nb6 16. Qd1 Qd7 17. Kg1 Bd6 $11 {
0-1 (28) Sahovic,D (2425)-Mirkovic,S (2295) Vrnjacka Banja 1984}) 8. Qa4+ Nc6
9. Ne5 Nd5 (9... Bd6 10. Nxc6 Qd7 11. g3 $1 (11. Qxc4 bxc6 12. g3 Bxf4 13. gxf4
Qd5 14. Qxd5 cxd5 15. Rc1 Kd7 16. f3 Rhb8 17. Rc2 Rb4 $11 {0-1 (65) Semeniuk,A
(2474)-Iskusnyh,S (2533) Tomsk 2001}) 11... Qxc6 12. Qxc6+ bxc6 13. Bg2 $14)
10. Nxc6 Qd7 11. Rc1 (11. Bg3 bxc6 $1 $132 (11... Qxc6 $143 12. Qxc6+ bxc6 13.
Kf3 Kd7 14. Bxc4 Bd6 15. Rhc1 $14 {1-0 (47) Hulak,K (2515)-Rowley,R (2400) New
York 1989}) 12. e4 $140 Nf6 $1 13. Qxb4 Qxd4 {[%cal Rd4e4,Rd4d3]} 14. Ra1 $8
Qxe4+ 15. Kd1 Rd8+ 16. Kc1 Nd5 $40) 11... bxc6 (11... Bd6 $5 12. Qxc4 (12. Bxd6
cxd6) 12... Bxf4 13. exf4 bxc6 $11) {However, the text move is quite enough.
In the arising position, with opposite-coloured bishops, White has no real
winning chances.} 12. Rxc4 Rb8 13. Qxc6 Nxf4+ 14. exf4 Bd6 15. b3 Bxf4 16.
Qxd7+ Kxd7 17. d5 (17. Ra4 Bd6 18. Kd3 (18. Rxa7 Ra8 19. Rxa8 Rxa8 20. a4 Rb8)
18... Ra8 {[%cal Ya7a5]} 19. Ra6 Rhb8 $11 {[%cal Yb8b6]}) 17... Bd6 18. dxe6+
Kxe6 19. Ra4 Kf6 20. Kf3 Rb4 21. Rxb4 Bxb4 22. Bd3 Rd8 23. Ke2 Re8+ 24. Kf3 Rd8
25. Ke2 Re8+ 26. Kf3 Rd8 1/2-1/2

[Event "NED-ch53"]
[Site "Rotterdam"]
[Date "1998.06.22"]
[Round "2"]
[White "Ernst, Sipke"]
[Black "Sokolov, Ivan"]
[Result "0-1"]
[WhiteElo "2300"]
[BlackElo "2625"]
[Annotator "Lukacs,P"]
[PlyCount "48"]
[EventDate "1998.06.21"]
[EventType "tourn"]
[EventRounds "11"]
[EventCountry "NED"]
[EventCategory "12"]
[SourceTitle "CBM 066"]
[Source "ChessBase"]
[SourceDate "1998.09.30"]
[SourceVersion "1"]
[SourceVersionDate "1998.09.30"]
[SourceQuality "1"]

1. Nf3 {Avrukh,B} d5 2. d4 c6 3. e3 {The passive Colle Opening has some
popularity amongst the players who do not like to learn much of theory.
However it is a big consession to restrict the dark-squared B to passivity so
early.} Bg4 {Black wants to activate first his B and only after that play
e7-e6.} 4. c4 e6 5. Nc3 (5. Nbd2 Nd7 6. Be2 f5 $1 {This is the main idea of
Black's setup. He wants to play an improved Stonewall structure, where the
problem of the c8 B is solved. In the real Stonewall Black has to lose some
tempi with Bd7-e8-h5 to achieve the same position.} 7. O-O Bd6 8. b4 a6 9. Qb3
Ngf6 10. a4 O-O 11. Re1 Ne4 {This strong N is one of the main ideas in the
Stonewall. Black has good attacking chances on the >>, while White's pressure
on the << is irrelevant.} 12. Nf1 Qe7 13. c5 Bb8 14. Bb2 e5 15. Nxe5 Nxe5 16.
dxe5 Bxe2 17. Rxe2 Bxe5 $15 {Schauwecker-Chernin, San Bernardino op 1994}) 5...
Nd7 6. b3 (6. Be2 {can also be met by} f5 $1 (6... Ngf6 {is also good for
equality, but here Black wants more.}) (6... Ngf6 {Avrukh,B} 7. O-O Bd6 8. b3
O-O 9. Bb2 Rc8 $5 (9... Qe7 10. Nd2 (10. Qc2 Bf5 11. Bd3 Bxd3 12. Qxd3 dxc4 13.
Qxc4 e5 14. dxe5 Nxe5 $11 {Sopur,L-Kuczynski,R/Katowice op 1992 (27)}) 10...
Bf5 11. f4 Ne4 $6 12. Ndxe4 Bxe4 13. Nxe4 dxe4 14. Qc2 f5 15. Rad1 $14 {
Frosch,E-Thallinger,H/Balatonbereny-B 1995/1-0 (49)}) 10. Rc1 Re8 11. Nd2 Bxe2
12. Qxe2 Qa5 13. Nf3 Bb4 $11 {Danailov,S-Trifunov,D/BUL-chT 1991 (19)}) 7. a3 (
7. Bd2 Bd6 8. O-O Ngf6 9. cxd5 exd5 10. Rb1 O-O 11. b4 Qe8 {/\ Qh5 -> >>} 12.
b5 Qh5 13. g3 Ne4 $1 14. bxc6 bxc6 {The backward P on c6 is not compensating
the passiviry of the pieces, and Black's -> on the >>.} 15. Nh4 Bxe2 16. Nxe2
g5 17. Ng2 Rf6 $40 {Tauber-Joksimovic, Dornbirn op 1988}) 7... Bd6 8. b4 Ngf6
9. h3 Bxf3 10. Bxf3 (10. gxf3 O-O {and White's P structure is corrupted.})
10... O-O 11. Qb3 Kh8 12. Ra2 Ne4 $17 {Baudot-M.Kuijff, EU-Cup London 1996})
6... f5 $1 {This is more agressive than the natural Avrukh: Black's set up
looks like a regular "stonewall",but one factor is very significient:black has
already solved the problem of the lightsquared bishop and it makes their play
quiet comfortable.} (6... Ngf6 {which is also playable for Black}) 7. Be2 Bd6
8. O-O Ngf6 9. a4 {/\ Ba3} (9. Bb2 {Avrukh,B} O-O 10. Ne1 Bxe2 11. Nxe2 Qe8 (
11... e5 $6 12. dxe5 Nxe5 13. Nf4 $1 $14) 12. Nd3 g5 $5 $132) 9... Qe7 {
avoiding the exchange of the important dark-squared B.} (9... O-O $6 {Avrukh,B}
10. Ba3 $14) 10. Bb2 O-O 11. h3 Bxf3 12. Bxf3 Rf7 $1 {/\ g5 Rg7 g4 >< h3. This
original move prepares the -> on the >>, because h3 is a weakness.} (12... Ne4
{was the standard reply.}) 13. Nb1 {/\ Ba3, but losing a lot of tempi for that.
} g5 $1 $132 {Avrukh: The situation in the center is stable so black starts an
actions on the kingside.} 14. Ba3 Bxa3 15. Rxa3 (15. Nxa3 {Avrukh,B} Rg7 16.
Nc2 Rf8 17. Ne1 g4 18. hxg4 Nxg4 19. Bxg4 Rxg4 $36) 15... Rg7 {/\ g4} 16. g3 g4
17. hxg4 (17. Bg2 $6 {Avrukh,B} gxh3 18. Bxh3 Ne4 19. Ra2 h5 $1 {[%cal Gh5h4]}
20. Qxh5 $2 Rh7 21. Qg6+ Kh8 $17 {[%csl Rg6,Rh3]}) 17... Nxg4 18. Bxg4 (18. Ra2
h5 {/\ h4}) 18... Rxg4 19. Kg2 Nf6 20. Rh1 (20. f3 Rg6) 20... Ne4 {-/+Avrukh:
White pieces lack coordination,while at the same time black ones perfectly
cooperate and this makes the difference.} 21. Ra2 Rf8 $19 {/\ f5-f4 with an
unstoppable -> on the >>.} 22. Rh3 Qg7 {[%cal Gf5f4]} 23. Qe1 (23. Kh1 {
Avrukh,B} Rf6 $1 24. Rc2 (24. Qe1 Ng5 $19) 24... h5 $1 {[%cal Gh5h4]} 25. Nc3 (
25. Rxh5 Rxg3 $1 26. fxg3 Nxg3+ 27. Kh2 Nxh5 $17) 25... Ng5 26. Rxh5 Rh6 27.
Rxh6 Qxh6+ 28. Kg1 Qh3 $1 $17 {[%cal Gg4h4,Gg5f3]}) 23... f4 24. exf4 (24. Nd2
{Avrukh,B} fxe3 $5 (24... fxg3 25. f3 Nxd2 26. Rxd2 (26. fxg4 Rf2+ 27. Kh1 Qxg4
$19) 26... Rg6 27. Rxg3 $6 Rff6 $1 28. Rxg6 Rxg6+ 29. Kh1 Qf6 $1 30. Qf1 Qg5
$19 {[%csl Re3,Rh1]}) 25. Nxe4 Rxe4 26. fxe3 e5 27. cxd5 exd4 (27... cxd5 28.
Qa5 Qf7 29. dxe5 Rxe3 $19) 28. dxc6 Rxe3 29. Re2 Qf7 $1 $19) (24. Rc2 {Avrukh,B
} Qg6 $1 25. Na3 Ng5 26. exf4 (26. Rh1 Qe4+ $19) 26... Nxh3 27. Kxh3 Rfxf4 $1
$19) 24... Rgxf4 (24... Rgxf4 {Avrukh,B} 25. Kg1 Ng5 $1 $19) 0-1

[Event "EU-ch 12th"]
[Site "Aix les Bains"]
[Date "2011.04.02"]
[Round "11"]
[White "Nikolic, Predrag"]
[Black "Cmilyte, Viktorija"]
[Result "1-0"]
[WhiteElo "2596"]
[BlackElo "2526"]
[Annotator "Marchand,A/Primel,D"]
[PlyCount "71"]
[EventDate "2011.03.22"]
[EventType "swiss"]
[EventRounds "11"]
[EventCountry "FRA"]
[SourceTitle "CBM 142 Extra"]
[Source "ChessBase"]
[SourceDate "2011.06.27"]
[SourceVersion "1"]
[SourceVersionDate "2011.06.27"]
[SourceQuality "1"]

1. d4 Nf6 2. Nf3 g6 3. g3 Bg7 4. Bg2 d5 5. O-O O-O 6. Na3 {[%cal Gc2c4] Une
ligne secondaire solide mais moins ambitieuse que c4} (6. c4 c6 (6... dxc4 7.
Na3 c3 8. bxc3)) (6. Nbd2) 6... c5 (6... c6) 7. dxc5 Na6 8. c4 (8. c6 $5 bxc6
9. c4) 8... Nxc5 9. Be3 Ne6 $6 {La Championne d'Europe avait déjà sacrifié sa
Q а la ronde 9!} (9... Nfe4 $142 {[%csl Rb2,Gg7]}) 10. Qb3 d4 11. Rad1 dxe3 $5
12. Rxd8 exf2+ 13. Rxf2 Rxd8 $44 {[%csl Ra3,Gc8,Rf2,Gg7] Les Noirs ont la
paire de B en compensations et les pièces Blanches sont un peu désorganisées
mais un GMI aussi expérimenté doit pouvoir aussi valoriser le matériel.} 14.
Rf1 Ng4 $6 {[%csl Re3,Gg7][%cal Ge6d4]} (14... Ne4 $1 15. Nc2 Nd2 $1 {le coup
clé de la variante qui permet d'activer la R et l'échange d'une paire de N
permet aux Noirs de surcontroler la case "d4"} 16. Nxd2 Rxd2 17. Bf3 (17. e3 a5
{[%cal Ga5a4]} (17... Ng5 {[%cal Gc8f5]}) 18. h3 (18. Rf2 Rd1+) 18... h5 {
[%csl Rg3][%cal Gh5h4]} (18... a4 19. Qb4 Rxc2 20. Qxe7) 19. Rf2 Rd1+ 20. Kh2
h4 $36 {[%csl Gg7][%cal Gg7e5]}) 17... Nd4 $1) 15. Nc2 Bd7 {[%cal Gd7c6]} (
15... Nc5 $6 16. Qb4 b6 17. Nfd4 {[%csl Gg2]}) 16. h3 (16. Qxb7 $2 Rab8 {
[%cal Gb7b2]}) 16... Nh6 17. Ne3 {[%csl Gd5][%cal Ge3d5]} Nc5 18. Qa3 Ne4 19.
g4 e6 20. Rd1 $36 {Les Blancs ont passé la phase critique en réorganisant les
pièces Blanches et les compensations des Noirs sont maintenant insuffisantes.}
Bc6 21. Rxd8+ Rxd8 22. Qa5 $1 Rd7 23. Qxa7 (23. Ne5 $1 b6 24. Qa6 Bxe5 25. Bxe4
Bxe4 26. Qc8+) 23... Bf6 $2 (23... Bxb2 $13) 24. b4 Ng5 25. Nxg5 Bxg2 (25...
Bxg5 26. Bxc6) 26. Nxe6 $1 (26. h4) 26... fxe6 27. Kxg2 Nf7 28. Qb6 Kg7 (28...
Bd4 29. Qxe6) 29. Nf1 Nd8 30. h4 Nf7 31. g5 Bd8 32. Qb5 Rd4 33. Nh2 Rxh4 34.
Nf3 Re4 35. c5 Bc7 36. Qxb7 {[%mdl 512]} 1-0

[Event "Terre degli Elimi op 8th"]
[Site "Erice"]
[Date "2017.08.02"]
[Round "7"]
[White "Rotstein, Arkadij"]
[Black "Marin, Mihail"]
[Result "0-1"]
[WhiteElo "2500"]
[BlackElo "2529"]
[Annotator "Marin,M"]
[PlyCount "82"]
[EventDate "2017.07.28"]
[EventType "swiss"]
[EventRounds "9"]
[EventCountry "ITA"]
[SourceTitle "CBM 180"]
[Source "ChessBase"]
[SourceDate "2017.09.13"]
[SourceVersion "1"]
[SourceVersionDate "2017.09.13"]
[SourceQuality "1"]

1. Nf3 Nf6 2. g3 g6 3. Bg2 Bg7 4. O-O O-O 5. d4 d5 6. Nbd2 {During the
preparation I noticed that my opponent has a wide repertoire, consisting
mostly of solid and optically not too ambitious variations, with some
strategic consistency, though. Therefore I decided not to prepare at all, but
I must confess I overlooked that he had played this line before. Coincidence
meant that I had also used it a few times!} ({This move order mainly aims at
avoiding the line} 6. c4 dxc4 7. Na3 c3 8. bxc3 c5 {offering Black good
counterplay.}) ({For some reasons I thought that my game was following the
same path as:} 6. c3 c5 7. dxc5 a5 8. Be3 Nc6 {Carlsen,M (2881)-Caruana,F 
(2783) Shamkir 2014 CBM 160 [Krasenkow,M] (1-0, 49), where Black seemed to
have a good position, but in fact the games are only similar.}) 6... c5 {
As far as I can understand this is the most active way of crossing White's
plan.} (6... Nc6 {allows White to transpose to a normal Grünfeld line with} 7.
c4 dxc4 8. Nxc4 Be6 9. b3) (6... c6 7. c4 Bf5 8. b3 {also leads to a normal
line, even though the knight would stand better on c3.}) 7. dxc5 Nc6 {I
rejected trying retrieving the pawn with the knight n principle, as it may
lead to a symmetrical position where White's extra tempo would offer him a
slight advantage.} ({My opponent's previous game with this line went} 7... Na6
8. Nb3 Ne4 9. Ng5 Naxc5 10. Nxc5 Nxc5 11. Qxd5 (11. Bxd5 $16 h6 $2 12. Bxf7+ $1
) 11... Qxd5 12. Bxd5 h6 13. Ne4 Rd8 $44 {Rotstein,A (2513)-Braun,C (2393)
Germany 2016 (1/2-1/2, 26)}) (7... Nbd7 8. Nb3 ({This is the most popular but
actually I was not sure things are that funny for Black if White plays for the
symmetry with} 8. c4 {Here is an example:} Nxc5 9. Nb3 Ne6 10. cxd5 Nxd5 11.
Ng5 {Epishin,V (2543)-Smith,A (2480) Bugibba 2011 (½-½, 29) with some slight
initiative.}) 8... Qc7 9. c3 ({I did not remember my previous game, continuing
} 9. Bf4 e5 10. Bg5 h6 11. Bxf6 Nxf6 12. Nfd2 Be6 13. Qc1 Rfd8 14. c4 d4 $17 {
Marin,M (2534)-Pop,A (2254) Iasi (rapid) 2011 (1-0, 27)}) 9... e5 ({It is
useful to defend the h2-b8 diagonal as} 9... Nxc5 10. Bf4 {offers Wite some
initiative:} Qc6 11. Nfd4 Qb6 12. Nxc5 Qxc5 13. Be5 {Kasparian,G-Belavenets,S
Tbilisi 1937 (1-0, 61). As we see the variation is not quite new.}) 10. Be3 Rd8
{Vidit,S (2315)-Gahan,M (2005) New Delhi 2007 (0-1, 37). There is no immediate
way of retrieving the pawn but Black surely has compensation due to his strong
centre.}) 8. c3 {The game becomes a gambit now as Black cannot retrieve the
pawn in view of b2-b4.} a5 9. Nd4 ({This surprized me as I was expecting} 9. a4
e5 10. Nb3 {when I had no idea yet how to continue. Practice proves Black is
doing fine:} h6 11. Nfd2 (11. Ne1 {Markowski,T (2605)-Iotov,V (2342) Antalya
2004 (1/2-1/2, 49)} Qe7 12. Nc2 Be6 $44) 11... Be6 12. Qc2 ({The next game was
clearly not White's best:} 12. h3 Qe7 13. Nf3 Nd7 14. Be3 $2 f5 $17 {Muenzer,F
(2058)-Romanishin,O (2562) Bad Wiessee 2002 EXT 2003 [Teske] (0-1, 21)}) (12.
f4 {creates too many weaknesses.} exf4 13. gxf4 Qe7 14. Nf3 Rfe8 15. Nfd4 Bg4
$17 {Cvitan,O (2505)-Giorgadze,G Debrecen 1992 (1/2-1/2, 35)}) 12... Qe7 13. e4
d4 14. cxd4 exd4 15. e5 Nd5 16. Ne4 Ndb4 17. Qd1 Nxe5 $15 {Petrosian,T (2625)
-Harutjunyan,G (2436) Yerevan 2016 (1-0, 49), with active play in the centre.})
9... e5 ({Had I not underestimated Black's answer, I would most probably played
} 9... a4 $1 $44 {isolating the extra pawn from its colleagues.}) 10. Nxc6 ({
I was mainly relying on} 10. Nb5 {but things do not seem entirely clear here
either:} Be6 11. Qa4 (11. Nd6 Nd7 12. Nxb7 Qc7 13. Nd6 Nxc5 14. Nb5 Qb6 15. a4
Rad8 $44 {offers Black an overwhelming advance in development for just a pawn.}
) 11... Qd7 (11... Nd7 12. Nb3 {Patrick,C-Danielsson,F (2100) Tylosand 2015 
(1-0, 37) consolidates the extra pawn.}) 12. Rd1 (12. Nd6 Nd4 $1 {[%csl Ge2]}
13. Qd1 Nf5 14. Nxf5 Bxf5 $44) 12... Na7 13. c4 dxc4 14. c6 Nxc6 15. Nxc4 Nd4
16. Rxd4 exd4 17. Nb6 Qe7 18. Nxa8 Rxa8 19. Nxd4 Bd5 {In principle Black has
some compensation for the pawn due to White's incomplete development and
imperfect coordination, but I fear that Black is struggling for a draw.}) 10...
bxc6 11. e4 {White has a normal reversed Grünfeld but... with an extra pawn.
Black needs some accuracy to stay in the game.} Qe7 $6 {Underestimating
White's move recommended below.} ({Black should have opted for completing the
development with} 11... Be6 {for instance} 12. Re1 Nd7 13. b4 d4 $1 14. Nb3
dxc3 15. Nxa5 Rxa5 16. bxa5 Qxa5 $44) 12. b4 Ba6 13. Re1 Bd3 14. exd5 Nxd5 {
I was quite satisfied with my position but my opponent did not seem to like
his as he now sank into long thought.} 15. Qf3 $2 ({I did not take} 15. Bxd5 {
seriously, thinking that this would weaken the light squares too much. But
this would force Black into sacrificing even more material with questionable
compensation:} cxd5 16. Nb3 Bc4 17. Nxa5 Rxa5 18. bxa5 e4 {Black is very
active but White's material advantage is overwhelming so probably the
compensation is not enough. Engines go further by thinking White is simply
winning but I would take this as an exaggeration.}) 15... Bc2 $17 {White is
suddenly paralysed.} 16. b5 {Again played after a long time. White tries
changing the course of events as the alternatives are very unpleasant.} (16.
Bb2 axb4 17. cxb4 e4 18. Bxg7 exf3 19. Rxe7 Kxg7 $19) (16. Nc4 e4 $17) 16...
Qxc5 ({As pointed out by Mariya Yugina, Black should have ignored the
queenside and continued the central expansion with} 16... f5 $1 $15 {[%cal
Ge5e4]} 17. Qe2 e4 18. Nc4 Ba4 ({Actually I refrained from this line because of
} 18... Bd3 $2 19. Qxd3 $1 exd3 20. Bxd5+ $1 cxd5 21. Rxe7 dxc4 22. Bd2 $18)
19. bxc6 (19. Nb6 Bxb5 20. c4 Ba6 21. Nxa8 Bxa1 $17) 19... Bxc6 $15) {After my
move White already has more than one way to equalise.} 17. bxc6 ({I was
slightly concerned about} 17. a4 Rfd8 18. Ba3 Qxc3 19. Qxc3 Nxc3 20. Bxc6 Rab8
21. Ne4 Nxe4 22. Bxe4 Bxa4 23. Be7 Rd4 $13) 17... Nxc3 18. Qe3 $1 {I
completely missed this move.} ({I had mainly counted on} 18. Bb2 e4 $17) 18...
Qxe3 19. Rxe3 Nd1 ({Offering White the chance to go wrong. My other candidate
looked too straightforward:} 19... e4 20. Bb2 Ne2+ 21. Rxe2 Bxb2 22. Rae1 Bd3
23. Rxe4 Bxe4 24. Nxe4 $44 {Due to the strong c6-pawn I doubted I could win
this.}) 20. Re1 $6 ({My previous move was some sort of bluff since I knew that
} 20. Ba3 $1 {would spare White any problem:} Nxe3 21. Bxf8 Nxg2 (21... Bxf8
22. fxe3 Ba4 23. Nc4 $14 {[%csl Gc6]}) 22. Bxg7 Kxg7 23. Rc1 Bf5 24. Kxg2 Be6
25. c7 Rc8 $11) 20... e4 21. Ba3 $2 {One of the cases when "better late than
never" does not apply.} (21. Rb1 $1 e3 22. fxe3 Bxb1 23. Nxb1 Nb2 $15 {Here,
too, White has a strong pawn, but his structure is weak and his knight more
passive than in the previous similar line.}) 21... Bxa1 22. Bxf8 Kxf8 23. Bxe4
{Black is a piece up but needs to be careful for a few moves in order to
return safely with the minor pieces.} Bd4 $1 ({The only thing Black needs to
avoid is} 23... Bxe4 24. Nxe4 Nc3 25. Nd6 $11 {[%csl Ga1][%cal Gc6c7]}) ({But} 
23... Ba4 {also wins.}) 24. Kg2 Ba4 {The rest of the game was played by
inertia.} 25. Nc4 Nxf2 26. Bd5 Rc8 27. Nxa5 Bc3 28. Rc1 Nd1 29. Nc4 Bxc6 30.
Nb6 Rb8 31. Bxc6 Rxb6 32. Ba4 Nb2 33. Bb3 Bd4 34. Kf3 Be5 35. Ke4 Rb4+ 36. Kd5
Bf6 37. Rc7 Nd3 38. Kc6 Be7 39. Rc8+ Kg7 40. Kd7 Bf8 41. Rc3 Nc5+ 0-1